Oceany świata - Statystyki

Ogólne statystyki
  • Ten quiz został rozwiązany 190 razy
  • Średni wynik to 4 z 5
Statystyki odpowiedzi
Powierzchnia: Ocean: % Poprawnych
165 200 000 km² Ocean Spokojny
97%
106 500 000 km² Ocean Atlantycki
91%
70 560 000 km² Ocean Indyjski
89%
14 060 000 km² Ocean Arktyczny
80%
20 330 000 km² Ocean Południowy
55%
Nie znaleziono quizów pasujących do podanych kryteriów
Rozkład punktacji
Procent ludzi z każdym wynikiem
Percentyl według liczby udzielonych odpowiedzi
Twoja historia wyników
Nie rozwiązałeś tego quizu